| 000 | 00838nam a22002657a 4500 | ||
|---|---|---|---|
| 001 | 5798 | ||
| 003 | FISKH | ||
| 005 | 20250122162700.0 | ||
| 008 | 250122b cb ||||| |||| 00| 0 eng d | ||
| 020 | _a9780756671518 | ||
| 040 |
_aFISKH _beng _cFISKH _dFISKH |
||
| 050 | _aJA70.W46 | ||
| 082 | _a320 | ||
| 100 | _aMarr, Andrew | ||
| 245 |
_aWho's in charge? / _cForeword by Andrew Marr |
||
| 250 | _aThis paperback edition published in 2010 | ||
| 260 |
_aLondon : _bDK Publishing , _c2010 . |
||
| 300 |
_a96 pages : _bcolor illustrations ; _c28 cm . |
||
| 490 | _aDK Big Questions | ||
| 520 | _aIntroduces politicians and how laws are made, what hapens in government and how the reader can get involved. | ||
| 650 |
_asocial studies _vnon-fictio |
||
| 700 |
_aGodwin, Natalie _edesigner |
||
| 942 |
_2ddc _cBK _n0 |
||
| 999 |
_c5798 _d5798 |
||